[Event "Titled Tue 27th May Early"]
[Site "chess.com INT"]
[Date "2025.05.27"]
[Round "6"]
[White "Shubenkova, Veronika"]
[Black "Bold, Andre"]
[Result "1-0"]
[WhiteTitle "WFM"]
[BlackTitle "CM"]
[WhiteElo "2024"]
[BlackElo "2235"]
[WhiteFideId "44124040"]
[BlackFideId "16208471"]
[EventDate "2025.05.27"]

1. e4 c5 2. Nc3 Nc6 3. g3 g6 4. Bg2 Bg7 5. d3 e6 6. f4 Nge7 7. Nf3 Nd4 8. O-O
Nec6 9. Be3 O-O 10. Rb1 b5 11. Ne2 Nxf3+ 12. Bxf3 d6 13. Bg2 Bb7 14. c3 b4 15.
Qd2 a5 16. Rfd1 Qe7 17. Re1 Rfd8 18. Bf2 Ba6 19. c4 Bb7 20. Kh1 a4 21. Ng1 a3
22. b3 Bc3 23. Qe2 Bxe1 24. Rxe1 Nd4 25. Bxd4 cxd4 26. Nf3 e5 27. Qf2 Ra6 28.
Qd2 Rb6 29. c5 dxc5 30. Nxe5 Re6 31. Nc4 Ba6 32. Qc2 Bxc4 33. Qxc4 g5 34. f5 Re5
35. Rf1 Qf6 36. Bf3 Kg7 37. h3 Rh8 38. Bh5 Rf8 39. Kg2 Kh6 40. Bd1 Kg7 41. Qc2
Rh8 42. Bh5 Kh6 43. Qd1 Qd6 44. Bxf7 Qf6 45. Qh5+ Kg7 46. Bc4 Rd8 47. Kh1 Re7
48. Rg1 Rd6 49. Rf1 Qh6 50. Qg4 Qf6 51. Kg1 h6 52. Rf2 Qe5 53. h4 Qf6 54. Rh2
Re5 55. Be6 Rdxe6 56. fxe6 Qxe6 57. Qh5 gxh4 58. Qxh4 Qg6 59. Rf2 Rg5 60. Kg2 h5
61. Qf4 Kh6 62. Qf8+ Qg7 63. Rf6+ Rg6 64. Rxg6+ Kxg6 65. Qf5+ Kh6 66. Qe6+ Kh7
67. Qd5 Qg4 68. Qb7+ Kh6 69. Qc6+ Kh7 70. Qc7+ Kh6 71. Qd6+ Kh7 72. Qe7+ Kh8 73.
Qf6+ Kh7 74. Qf5+ Qxf5 75. exf5 Kg7 76. Kf3 Kf6 77. g4 hxg4+ 78. Kxg4 Ke5 79.
Kg5 c4 80. f6 cxd3 81. f7 d2 82. f8=Q d1=Q 83. Qc5+ Ke4 84. Qxb4 Qg1+ 85. Kf6
Qf2+ 86. Ke6 Qe3 87. Qxa3 Kf3+ 88. Kd6 d3 89. Qa8+ Ke2 90. Qg2+ Qf2 91. Qg4+ Qf3
92. Qc4 Ke1 93. Qc3+ d2 94. Qxf3 1-0

[Event "Titled Tue 27th May Early"]
[Site "chess.com INT"]
[Date "2025.05.27"]
[Round "6"]
[White "Xue, Haowen"]
[Black "Jumabayev, Rinat"]
[Result "1/2-1/2"]
[WhiteTitle "GM"]
[BlackTitle "GM"]
[WhiteElo "2518"]
[BlackElo "2551"]
[WhiteFideId "8625492"]
[BlackFideId "13702661"]
[EventDate "2025.05.27"]

1. Nf3 d5 2. e3 c5 3. b3 a6 4. Bb2 Nc6 5. Ne5 Nxe5 6. Bxe5 f6 7. Bb2 e5 8. g3
Bd6 9. Bg2 Ne7 10. Qh5+ g6 11. Qe2 O-O 12. O-O Be6 13. c4 Re8 14. Nc3 Bc7 15.
cxd5 Nxd5 16. Ne4 b6 17. Rad1 Qe7 18. d4 cxd4 19. exd4 f5 20. Nc3 e4 21. f3 Nxc3
22. Bxc3 Bd5 23. fxe4 fxe4 24. Bd2 b5 25. Bh6 Qe6 26. Qe3 Bd6 27. Rde1 Ra7 28.
Bf4 Rf7 29. h4 Bxf4 30. Rxf4 Rxf4 31. Qxf4 Rf8 32. Qg5 Rf5 33. Qe3 Qd6 34. Kh2
Kg7 35. Rc1 Rf7 36. Rc5 Re7 37. Kg1 h6 38. a4 bxa4 39. bxa4 Rb7 40. a5 Re7 41.
Kh2 Rf7 42. Qe2 Re7 43. Qe3 Bb7 44. d5 Qf6 45. Rc2 Qe5 46. Rd2 Bxd5 47. Qc5 Bb7
48. Qxe5+ Rxe5 49. Rd7+ Kf6 50. Rxb7 e3 51. Rb1 Rxa5 52. Re1 Ra3 53. Bf1 g5 54.
hxg5+ hxg5 55. Kg2 g4 56. Be2 Kg5 57. Kf1 a5 58. Rd1 a4 59. Rd5+ Kf6 60. Rd4 Ke5
61. Rxg4 Ra1+ 62. Kg2 a3 63. Kf3 Rb1 64. Ra4 Rb3 65. g4 Rc3 66. Ra5+ Kf6 67. g5+
Kg6 68. Kf4 Kg7 69. Kf5 Rc2 70. Ra7+ Kf8 71. Kf6 Rc6+ 72. Ke5 Rc2 73. Kf6 Rc6+
74. Kf5 Rc2 75. Ra8+ Kg7 76. Bd3 e2 77. Ra7+ Kf8 78. Ra8+ Ke7 79. Ra7+ Kf8 80.
Bxe2 Rxe2 81. Ra8+ Re8 82. Rxa3 Kg8 83. Ra7 Kh8 84. Kg6 Rg8+ 85. Kh6 Re8 86. Rd7
Kg8 87. Kh5 Kh8 88. Rd6 Kg8 89. Rg6+ Kh7 90. Rh6+ Kg7 91. Rf6 Rh8+ 92. Kg4 Ra8
93. Kf5 Ra5+ 94. Kg4 Ra4+ 95. Kh5 Ra8 96. Rb6 Rh8+ 97. Kg4 Ra8 98. Rb7+ Kg6 99.
Rb6+ Kg7 100. Rb5 Kg6 101. Rb6+ Kg7 1/2-1/2

[Event "Titled Tue 27th May Early"]
[Site "chess.com INT"]
[Date "2025.05.27"]
[Round "6"]
[White "Golubova, Anna"]
[Black "Gustafsson, Jan"]
[Result "1/2-1/2"]
[WhiteTitle "WIM"]
[BlackTitle "GM"]
[WhiteElo "2112"]
[BlackElo "2591"]
[WhiteFideId "24173606"]
[BlackFideId "4625498"]
[EventDate "2025.05.27"]

1. d4 d5 2. Nf3 c5 3. c4 cxd4 4. cxd5 Qxd5 5. Qxd4 Qxd4 6. Nxd4 Bd7 7. e4 Nc6 8.
Be3 Nxd4 9. Bxd4 e6 10. Nc3 a6 11. O-O-O Ne7 12. Bc5 Rc8 13. Bd6 Nc6 14. Bxf8
Rxf8 15. f3 Ke7 16. Kb1 g5 17. Be2 Ne5 18. Rd4 b5 19. Rhd1 Bc6 20. a3 h5 21. Na2
a5 22. Nc3 Rb8 23. g3 b4 24. axb4 axb4 25. Na2 b3 26. Nc1 g4 27. f4 Nf3 28. Rc4
Rfc8 29. Bxf3 gxf3 30. Rf1 f5 31. exf5 exf5 32. Rxc6 Rxc6 33. Rxf3 Rc2 34. h4
Rg2 35. Nxb3 Rg8 36. Nd4 Kf6 37. Re3 R8xg3 38. Re6+ Kf7 39. Rh6 Rd3 40. Nxf5
Rdd2 41. Rb6 Rdf2 42. Nh6+ Ke7 43. f5 Rf4 44. Ka2 Rgf2 45. f6+ Kd7 46. f7 Rf6
47. Rb8 R2f4 48. b4 Kc7 49. Re8 Rf3 50. b5 Kb6 51. Rb8+ Ka5 52. b6 Rg3 53. f8=Q
Rxf8 54. Rxf8 Kxb6 55. Rf5 Rg6 56. Rxh5 Kc6 57. Kb3 Kd6 58. Kc4 Ke6 59. Kd4 Kf6
60. Ke4 Rg1 61. Kf4 Kg6 62. Ng4 Kxh5 63. Ne5 Rf1+ 64. Nf3 Ra1 65. Kg3 Ra5 66.
Kf4 Ra4+ 67. Kg3 Rb4 68. Kf2 Rb3 69. Kg3 Ra3 70. Kf4 Ra5 71. Kg3 Ra4 72. Kf2 Kg4
73. Ne5+ Kxh4 74. Nf3+ Kg4 75. Ne5+ Kf5 76. Nd3 Rd4 77. Ke3 Re4+ 78. Kf3 Rh4 79.
Ke3 Rg4 80. Kf3 Rd4 81. Ke3 Ra4 82. Kf3 Ra3 83. Ke3 Rb3 84. Kd4 Rb8 85. Ke3 Rd8
86. Nf2 Re8+ 87. Kf3 Rh8 88. Ke3 Rh2 89. Nd3 Rh3+ 90. Kd4 Rh4+ 91. Ke3 Rh8 92.
Kd4 Re8 93. Nc5 Rd8+ 94. Kc4 Ke5 95. Nd3+ Ke4 96. Nc5+ Ke3 97. Ne6 Rd6 98. Nc5
Rd8 99. Ne6 Rc8+ 100. Nc5 Kf4 101. Kd5 Kf5 102. Kd6 Rd8+ 103. Kc6 Rd1 104. Nd7
Ke6 105. Nc5+ Ke7 106. Kb5 Rc1 107. Kc6 Ke8 108. Kd5 Ke7 109. Nd3 Rd1 110. Kd4
Kd6 111. Ke4 Rd2 112. Kd4 Rh2 113. Ke4 Rh4+ 114. Nf4 Rh8 115. Kf5 Rf8+ 116. Ke4
Kd7 117. Nd5 Ke6 118. Nf4+ Kf6 119. Nd5+ Kg5 120. Ke5 Rf5+ 121. Kd6 Rf1 122. Ke5
Re1+ 123. Kd6 Kf5 1/2-1/2

[Event "Titled Tue 27th May Early"]
[Site "chess.com INT"]
[Date "2025.05.27"]
[Round "6"]
[White "Aghaei, Alireza"]
[Black "Dominguez, Ramiro"]
[Result "1-0"]
[WhiteTitle "CM"]
[BlackTitle "FM"]
[WhiteElo "2204"]
[BlackElo "2185"]
[WhiteFideId "12509914"]
[BlackFideId "4420055"]
[EventDate "2025.05.27"]

1. e4 e5 2. Nf3 Nc6 3. Bb5 a6 4. Ba4 Nf6 5. O-O Be7 6. Re1 b5 7. Bb3 d6 8. c3
O-O 9. h3 Nb8 10. d4 Nbd7 11. Nbd2 Bb7 12. Bc2 Re8 13. Nf1 Bf8 14. Ng3 h6 15. a4
g6 16. Bd2 Bg7 17. Qc1 Kh7 18. Bd3 c6 19. Be3 Nb6 20. b3 Qc7 21. Rd1 Rad8 22.
Qa3 Bf8 23. Qb2 Nfd7 24. c4 b4 25. a5 Nc8 26. d5 c5 27. Nh2 Nf6 28. Ng4 Nxg4 29.
hxg4 Bg7 30. f3 Ne7 31. Kf2 Rh8 32. Rh1 Kg8 33. Qd2 g5 34. Nh5 Ng6 35. g3 Qe7
36. Rh2 Bf8 37. Ke2 Bc8 38. Kd1 Bd7 39. Kc2 Rb8 40. Rah1 Qd8 41. Ra1 Be7 42. Qe2
f6 43. f4 exf4 44. gxf4 Qc8 45. f5 Ne5 46. Rah1 Qd8 47. Ra1 Kf7 48. Ng3 Be8 49.
Bc1 Kg7 50. Bb2 Bf7 51. Bxe5 dxe5 52. Qe3 Bd6 53. Kd2 Qd7 54. Ke2 Rbc8 55. Kf2
Qe7 56. Kg2 Bc7 57. Qd2 Bd6 58. Rah1 Rh7 59. Ra1 Rch8 60. Rah1 Qe8 61. Qd1 Qd8
62. Qa1 Bc7 63. Be2 Bxa5 64. Qa2 Bc7 65. Qxa6 Bd6 66. Qb7 Qe7 67. Qc6 Rb8 68.
Ra1 Rhh8 69. Ra6 Rbd8 70. Qb6 Rd7 71. Qb5 Rb8 72. Qa4 Rbb7 73. Ra8 Ra7 74. Rxa7
Rxa7 75. Qc6 Ra2 76. Kf3 Qc7 77. Qxc7 Bxc7 78. Rf2 Rb2 79. Bd1 Rxf2+ 80. Kxf2
Bd6 81. Ke2 Be8 82. Kf3 Kf8 83. Kf2 Ke7 84. Kg2 Kd8 85. Kf2 Kc7 86. Ke2 Kb6 87.
Kd2 Ka5 88. Kc2 Kb6 89. Bf3 Kc7 90. Nf1 Kd8 91. Ne3 Ke7 92. Ng2 Bd7 93. Ne1 Bc8
94. Nd3 Bd7 95. Nb2 Be8 96. Nd1 Bd7 97. Ne3 Kf8 98. Nf1 Kg7 99. Ng3 Be8 100. Be2
Be7 101. Bf1 Bd6 102. Kb2 Bb8 103. Be2 Bd6 104. Bf3 Be7 105. Nf1 Bd6 106. Ne3 h5
107. gxh5 Be7 108. Kc2 Kh6 109. Ng4+ Kxh5 110. Nxf6+ Kh4 111. Nxe8 Kg3 112. Bh5
Kh4 113. f6 Kxh5 114. fxe7 Kg6 115. Nd6 1-0

[Event "Titled Tue 27th May Early"]
[Site "chess.com INT"]
[Date "2025.05.27"]
[Round "7"]
[White "Krsnik Cohar, Ivan Vihor"]
[Black "Mahdavi, Reza"]
[Result "1-0"]
[WhiteTitle "FM"]
[BlackTitle "IM"]
[WhiteElo "2362"]
[BlackElo "2445"]
[WhiteFideId "14520044"]
[BlackFideId "12595926"]
[EventDate "2025.05.27"]

1. d4 Nf6 2. Bf4 g6 3. c3 Bg7 4. h3 O-O 5. e3 d6 6. Nd2 c5 7. Ngf3 cxd4 8. exd4
Nc6 9. Be2 Nd5 10. Bg5 e5 11. Bxd8 1-0

[Event "Titled Tue 27th May Early"]
[Site "chess.com INT"]
[Date "2025.05.27"]
[Round "7"]
[White "Rushbrooke, Remy"]
[Black "Yanev, Tihomir"]
[Result "1-0"]
[BlackTitle "IM"]
[WhiteElo "2090"]
[BlackElo "2354"]
[WhiteFideId "443590"]
[BlackFideId "2910110"]
[EventDate "2025.05.27"]

1. Nf3 f5 2. d3 Nf6 3. e4 d6 4. Nc3 Nc6 5. Be2 e5 6. exf5 Bxf5 7. d4 e4 8. Nh4
Bd7 9. Bh5+ g6 10. Nxg6 hxg6 11. Bxg6+ Ke7 12. Bg5 Bh6 13. Nd5+ Ke6 14. Qg4+
Nxg4 15. Nf4# 1-0

[Event "Titled Tue 27th May Early"]
[Site "chess.com INT"]
[Date "2025.05.27"]
[Round "7"]
[White "Newansa, M Esandi"]
[Black "Levitan, Caleb Levi"]
[Result "0-1"]
[WhiteTitle "WCM"]
[BlackTitle "FM"]
[WhiteElo "1947"]
[BlackElo "2333"]
[WhiteFideId "9999060"]
[BlackFideId "14332620"]
[EventDate "2025.05.27"]

1. d4 d5 2. Bf4 c5 3. e3 Nc6 4. c3 Qb6 5. Qb3 c4 6. Qc2 e5 7. dxe5 Bf5 8. Qc1 g5
9. Bxg5 Nxe5 10. Nf3 Nd3+ 11. Bxd3 Bxd3 12. Nbd2 Qg6 13. Rg1 Bd6 14. Bh4 Nf6 15.
Bg3 Bxg3 16. hxg3 Ng4 17. Ne5 Nxe5 0-1

[Event "Titled Tue 27th May Early"]
[Site "chess.com INT"]
[Date "2025.05.27"]
[Round "7"]
[White "Lisenkov, Svyatoslav"]
[Black "Sagalchik, Gennadij"]
[Result "1-0"]
[WhiteTitle "CM"]
[BlackTitle "GM"]
[WhiteElo "2241"]
[BlackElo "2434"]
[WhiteFideId "34264183"]
[BlackFideId "2007916"]
[EventDate "2025.05.27"]

1. e4 c6 2. d4 d5 3. e5 Bf5 4. h4 h5 5. Bd3 Bxd3 6. Qxd3 e6 7. Bg5 Qb6 8. Nd2
Nh6 9. Ngf3 Nf5 10. c4 Nd7 11. O-O f6 12. exf6 g6 13. Rfe1 1-0

[Event "Titled Tue 27th May Early"]
[Site "chess.com INT"]
[Date "2025.05.27"]
[Round "7"]
[White "Rustamov, Rustam"]
[Black "Al-Tarboush, Ward"]
[Result "1-0"]
[WhiteTitle "FM"]
[BlackTitle "FM"]
[WhiteElo "2323"]
[BlackElo "2223"]
[WhiteFideId "13440110"]
[BlackFideId "7601450"]
[EventDate "2025.05.27"]

1. e4 e6 2. d4 d5 3. Nd2 c5 4. Ngf3 cxd4 5. Nxd4 Nf6 6. exd5 Nxd5 7. N4f3 Nc6 8.
Bb5 Bd7 9. O-O Bd6 10. Ne4 Bc7 11. c4 Nde7 12. Nc5 b6 13. Nxd7 Qxd7 14. Qxd7+
Kxd7 15. Nd4 Be5 16. Nxc6 Nxc6 17. Re1 Bf6 18. Bf4 Rhc8 19. Rad1+ Ke8 20. Rd6
Kf8 21. Bxc6 Rab8 22. b3 Rd8 23. Red1 Rxd6 24. Bxd6+ 1-0

[Event "Titled Tue 27th May Early"]
[Site "chess.com INT"]
[Date "2025.05.27"]
[Round "7"]
[White "Ollier, Pablo"]
[Black "Beniosev, Daniel"]
[Result "1-0"]
[WhiteTitle "FM"]
[BlackTitle "CM"]
[WhiteElo "2284"]
[BlackElo "2010"]
[WhiteFideId "652318"]
[BlackFideId "11632674"]
[EventDate "2025.05.27"]

1. d4 Nf6 2. c4 e6 3. Nc3 c5 4. d5 exd5 5. cxd5 d6 6. e4 g6 7. h3 Bg7 8. Nf3 O-O
9. Bd3 b5 10. Nxb5 Re8 11. O-O Nxe4 12. Bxe4 Rxe4 13. Bg5 Qb6 14. Nc3 Re8 15.
Re1 Rxe1+ 16. Qxe1 Bd7 17. Qe7 Bf8 18. Qe2 Na6 19. Ne4 Qc7 20. Qxa6 1-0

[Event "Titled Tue 27th May Early"]
[Site "chess.com INT"]
[Date "2025.05.27"]
[Round "7"]
[White "Kiran, Manisha Mohanty"]
[Black "Shevkunov, Vladyslav"]
[Result "0-1"]
[WhiteTitle "WGM"]
[WhiteElo "2031"]
[BlackElo "2073"]
[WhiteFideId "5019575"]
[BlackFideId "30953448"]
[EventDate "2025.05.27"]

1. e4 c5 2. Nf3 e6 3. c3 d5 4. e5 d4 5. cxd4 cxd4 6. d3 Nc6 7. g3 Nxe5 8. Nxe5
Qa5+ 9. Bd2 Qxe5+ 10. Qe2 Qxe2+ 11. Bxe2 Nf6 12. O-O Be7 13. Na3 O-O 14. Nb5 e5
15. f4 e4 16. Nxd4 Bc5 17. Be3 Nd5 18. Rfc1 Bb6 0-1

[Event "Titled Tue 27th May Early"]
[Site "chess.com INT"]
[Date "2025.05.27"]
[Round "7"]
[White "Brancaleoni, Maurizio"]
[Black "Sadey, Rinoa Mariel"]
[Result "1-0"]
[WhiteTitle "FM"]
[WhiteElo "2185"]
[BlackElo "1760"]
[WhiteFideId "803022"]
[BlackFideId "5255945"]
[EventDate "2025.05.27"]

1. Nf3 Nf6 2. c4 c5 3. Nc3 Nc6 4. g3 g6 5. d4 cxd4 6. Nxd4 Bg7 7. Bg2 O-O 8. O-O
a6 9. c5 Nxd4 10. Qxd4 Ne8 11. Qb4 d6 12. Nd5 dxc5 13. Qxc5 Qd6 14. Nxe7+ Kh8
15. Be3 Bxb2 16. Rad1 Qxc5 17. Bxc5 Rg8 18. Nxg8 Kxg8 19. Rd8 1-0

[Event "Titled Tue 27th May Early"]
[Site "chess.com INT"]
[Date "2025.05.27"]
[Round "7"]
[White "Garcia Correa, Jose Ricardo"]
[Black "Madi, Aidana"]
[Result "1-0"]
[WhiteTitle "FM"]
[BlackTitle "WFM"]
[WhiteElo "2103"]
[BlackElo "1855"]
[WhiteFideId "5101832"]
[BlackFideId "13722689"]
[EventDate "2025.05.27"]

1. e4 c6 2. Nc3 d5 3. d4 dxe4 4. Nxe4 Nf6 5. Ng5 e6 6. Bc4 h6 7. N5f3 Bd6 8. Ne2
Nbd7 9. c3 Nb6 10. Bb3 O-O 11. Ng3 Nbd5 12. O-O b5 13. Re1 Qc7 14. Qe2 Nf4 15.
Bxf4 Bxf4 16. Ne4 Nd5 17. g3 Bd6 18. Nxd6 Qxd6 19. Ne5 c5 20. Qxb5 cxd4 21. cxd4
Rb8 22. Qc5 Qxc5 23. dxc5 Ba6 24. Nd7 1-0

[Event "Titled Tue 27th May Early"]
[Site "chess.com INT"]
[Date "2025.05.27"]
[Round "7"]
[White "Sheremetev, Vladislav"]
[Black "Goryachkina, Aleksandra"]
[Result "0-1"]
[WhiteTitle "CM"]
[BlackTitle "GM"]
[WhiteElo "2160"]
[BlackElo "2544"]
[WhiteFideId "54188300"]
[BlackFideId "4147103"]
[EventDate "2025.05.27"]

1. e4 c6 2. Nf3 d5 3. d3 g6 4. e5 f6 5. exf6 exf6 6. d4 Bg7 7. Bd3 Ne7 8. O-O
O-O 9. Re1 Bf5 10. b3 Bxd3 11. Qxd3 Nd7 12. Ba3 Rf7 13. c4 dxc4 14. bxc4 Ne5 15.
Nxe5 fxe5 16. Qb3 Qxd4 17. Qb2 e4 18. Re2 Qd1+ 0-1

[Event "Titled Tue 27th May Early"]
[Site "chess.com INT"]
[Date "2025.05.27"]
[Round "7"]
[White "Skytte, Robert"]
[Black "Gavarrete, Nahun"]
[Result "0-1"]
[WhiteTitle "CM"]
[BlackTitle "FM"]
[WhiteElo "2007"]
[BlackElo "2281"]
[WhiteFideId "1471775"]
[BlackFideId "8400709"]
[EventDate "2025.05.27"]

1. e4 e5 2. Nf3 Nc6 3. Bc4 Nf6 4. Ng5 d5 5. exd5 b5 6. Bf1 Nxd5 7. Bxb5 Bb7 8.
O-O Qxg5 9. d4 Qe7 10. dxe5 Rd8 11. Qf3 a6 12. c4 axb5 13. cxd5 Nxe5 14. Qe2
Bxd5 15. h4 Nf3+ 0-1

[Event "Titled Tue 27th May Early"]
[Site "chess.com INT"]
[Date "2025.05.27"]
[Round "7"]
[White "Rabin, Evan"]
[Black "Erece, Ece Alkim"]
[Result "1-0"]
[BlackTitle "WCM"]
[WhiteElo "1945"]
[BlackElo "1843"]
[WhiteFideId "2028670"]
[BlackFideId "6346006"]
[EventDate "2025.05.27"]

1. e4 e6 2. d4 d5 3. Nd2 c5 4. Ngf3 cxd4 5. exd5 Qxd5 6. Bc4 Qd7 7. O-O Nc6 8.
Nb3 Nf6 9. Nbxd4 Nxd4 10. Nxd4 a6 11. c3 Qc7 12. Qe2 Bd7 13. Bg5 O-O-O 14. Rac1
Bd6 15. h3 h6 16. Be3 Bc6 17. Rfd1 Kb8 18. Rd2 Ne4 19. Rdd1 g5 20. Nxc6+ Qxc6
21. Bd3 f5 22. Bxe4 Qxe4 23. Rd4 Qc6 24. Rcd1 Bc7 25. Rxd8+ Rxd8 26. Rxd8+ Bxd8
27. Bd4 Bc7 28. Qh5 Qe4 29. Qe8+ 1-0

[Event "Titled Tue 27th May Early"]
[Site "chess.com INT"]
[Date "2025.05.27"]
[Round "7"]
[White "Hajiyev, Kanan"]
[Black "Vasquez Schroeder, Rodrigo"]
[Result "0-1"]
[WhiteTitle "FM"]
[BlackTitle "GM"]
[WhiteElo "2197"]
[BlackElo "2446"]
[WhiteFideId "13404148"]
[BlackFideId "3400042"]
[EventDate "2025.05.27"]

1. d4 Nf6 2. Nf3 e6 3. c4 c5 4. d5 d6 5. dxe6 Bxe6 6. e3 Nc6 7. Be2 Be7 8. O-O
d5 9. cxd5 Nxd5 10. b3 Bf6 11. e4 Nc7 12. e5 Nxe5 13. Ng5 Bxg5 14. Bxg5 Qxg5 15.
f4 Qf6 16. fxe5 Qxe5 17. Nd2 O-O-O 18. Rf2 Rxd2 0-1

[Event "Titled Tue 27th May Early"]
[Site "chess.com INT"]
[Date "2025.05.27"]
[Round "7"]
[White "Koridze, Lile"]
[Black "Agarwal, Amaya"]
[Result "1-0"]
[WhiteTitle "WFM"]
[BlackTitle "WCM"]
[WhiteElo "2110"]
[BlackElo "2004"]
[WhiteFideId "13612514"]
[BlackFideId "48733580"]
[EventDate "2025.05.27"]

1. d4 d5 2. c4 e6 3. Nf3 Nf6 4. g3 Bb4+ 5. Bd2 Be7 6. Nc3 O-O 7. Bg2 Nbd7 8. O-O
c6 9. b3 b6 10. Qc2 Bb7 11. Rad1 Rc8 12. e4 dxe4 13. Nxe4 Nxe4 14. Qxe4 Nf6 15.
Qe2 Qc7 16. Bf4 Bd6 17. Ne5 Nd7 18. c5 bxc5 19. Nxd7 Bxf4 20. Nxf8 Bg5 21. Nxe6
fxe6 22. Qxe6+ Kh8 23. dxc5 h6 24. Rd7 Qb8 25. Qf7 Bf6 26. Be4 Rf8 27. Qg6 Qe8
28. Qh7# 1-0

[Event "Titled Tue 27th May Early"]
[Site "chess.com INT"]
[Date "2025.05.27"]
[Round "7"]
[White "Joseph Benher, Savio"]
[Black "Gharibyan, Mamikon"]
[Result "0-1"]
[BlackTitle "GM"]
[WhiteElo "2115"]
[BlackElo "2472"]
[WhiteFideId "2629453"]
[BlackFideId "13308300"]
[EventDate "2025.05.27"]

1. a3 d5 2. Nf3 Bf5 3. b3 e6 4. Bb2 Nf6 5. Nh4 Bg4 6. h3 Bh5 7. g4 Nfd7 8. Ng2
Bg6 9. d3 e5 10. Ne3 c6 11. Bg2 h5 12. gxh5 Bxh5 13. Nd2 Bc5 14. Nf3 Bxe3 15.
fxe3 Na6 16. Qd2 e4 17. dxe4 dxe4 18. Ne5 Qh4+ 19. Kf1 O-O-O 20. Qe1 Qf6+ 21.
Qf2 Nxe5 0-1

[Event "Titled Tue 27th May Early"]
[Site "chess.com INT"]
[Date "2025.05.27"]
[Round "7"]
[White "Cernov, Henrik"]
[Black "Ramos Espinoza, Efren Andres"]
[Result "1/2-1/2"]
[WhiteTitle "FM"]
[BlackTitle "FM"]
[WhiteElo "2325"]
[BlackElo "2104"]
[WhiteFideId "16258312"]
[BlackFideId "6100538"]
[EventDate "2025.05.27"]

1. e4 e5 2. Nf3 Nc6 3. Bb5 a6 4. Ba4 Bc5 5. Nc3 Nge7 6. O-O O-O 7. d3 d6 8. Be3
Ba7 9. Bxa7 Rxa7 10. d4 Ng6 11. Bxc6 bxc6 12. dxe5 dxe5 13. Qxd8 Rxd8 14. Rad1
Re8 15. Rd2 f6 16. Rfd1 Bg4 17. Rd8 Ra8 18. Rxa8 Rxa8 19. Kf1 Kf8 20. Ke2 Nf4+
21. Kf1 Ke7 22. Rd2 Rb8 23. b3 g5 24. Ne1 h5 25. f3 Be6 26. Nd3 Nxd3 27. Rxd3 g4
28. Na4 Rg8 29. Nc5 Bc8 30. Kf2 h4 31. b4 gxf3 32. Rxf3 Rd8 33. Ke1 Rd4 34. c3
Rd8 35. a4 1/2-1/2

[Event "Titled Tue 27th May Early"]
[Site "chess.com INT"]
[Date "2025.05.27"]
[Round "7"]
[White "Luukkonen, Tommi"]
[Black "Sobek, Jaroslav"]
[Result "0-1"]
[WhiteTitle "FM"]
[BlackTitle "FM"]
[WhiteElo "2250"]
[BlackElo "2195"]
[WhiteFideId "501808"]
[BlackFideId "301388"]
[EventDate "2025.05.27"]

1. e4 c5 2. Nc3 a6 3. Nf3 b5 4. d4 cxd4 5. Nxd4 Bb7 6. Bd3 Nf6 7. O-O b4 8. Na4
Nxe4 9. Re1 Nf6 10. Nc5 Bd5 11. c4 bxc3 12. bxc3 e6 13. Ba3 Qc7 14. Nf5 Bxc5 15.
Nxg7+ Kf8 16. Bb2 Rg8 17. c4 Rxg7 18. Bxf6 Rxg2+ 0-1

[Event "Titled Tue 27th May Early"]
[Site "chess.com INT"]
[Date "2025.05.27"]
[Round "7"]
[White "Suyarov, Mukhammadzokhid"]
[Black "So, Wesley"]
[Result "0-1"]
[WhiteTitle "IM"]
[BlackTitle "GM"]
[WhiteElo "2491"]
[BlackElo "2751"]
[WhiteFideId "14210495"]
[BlackFideId "5202213"]
[EventDate "2025.05.27"]

1. e4 e6 2. d4 d5 3. e5 c5 4. c3 Nc6 5. Nf3 Qb6 6. Be2 cxd4 7. cxd4 Nge7 8. Na3
Nf5 9. Nc2 Bd7 10. O-O Rc8 11. Bd3 h6 12. Rb1 Be7 13. b4 a6 14. a4 O-O 15. Bd2
Qd8 16. Kh1 f6 17. g4 fxe5 18. dxe5 Nh4 19. Nxh4 Nxe5 20. Ng6 Nxd3 21. Be3 Bxa4
22. Bc5 Bxc5 23. Qxd3 Rxf2 24. Rxf2 Bxf2 25. Nd4 Bxd4 26. Qxd4 Bc2 0-1

[Event "Titled Tue 27th May Early"]
[Site "chess.com INT"]
[Date "2025.05.27"]
[Round "7"]
[White "Marchesich, Giovanni"]
[Black "Shahinyan, Vladimir"]
[Result "1-0"]
[WhiteTitle "CM"]
[BlackTitle "CM"]
[WhiteElo "2219"]
[BlackElo "2202"]
[WhiteFideId "2824790"]
[BlackFideId "13314599"]
[EventDate "2025.05.27"]

1. e4 e6 2. d3 d5 3. Nd2 c5 4. Ngf3 Nc6 5. g3 Nf6 6. Bg2 Bd6 7. O-O O-O 8. Re1
Qc7 9. c3 d4 10. Nc4 e5 11. a4 Bg4 12. h3 Be6 13. cxd4 Nxd4 14. Nxd4 cxd4 15. b3
Bb4 16. Bd2 Bxd2 17. Qxd2 Nd7 18. Rac1 Rac8 19. f4 Nc5 20. Nxe5 Qd6 21. Qb4 a5
22. Qa3 Nxe4 23. Qxd6 Nxd6 24. Nc4 Nf5 25. Bxb7 Rb8 26. Nxa5 Nxg3 27. Rc7 g6 28.
Nc6 Rbe8 29. a5 Bd5 30. Rxe8 Rxe8 31. Ne7+ 1-0

[Event "Titled Tue 27th May Early"]
[Site "chess.com INT"]
[Date "2025.05.27"]
[Round "7"]
[White "Vusatiuk, Vladimir"]
[Black "Aloma Vidal, Robert"]
[Result "0-1"]
[WhiteTitle "IM"]
[BlackTitle "IM"]
[WhiteElo "2286"]
[BlackElo "2374"]
[WhiteFideId "14118610"]
[BlackFideId "2260409"]
[EventDate "2025.05.27"]

1. e4 a6 2. d4 e6 3. Nf3 d5 4. e5 Bd7 5. c3 Bb5 6. Bxb5+ axb5 7. O-O Ne7 8. h4
Nf5 9. Bg5 Be7 10. Bxe7 Qxe7 11. g3 h6 12. b3 Nd7 13. Qd3 c6 14. Nbd2 g5 15. h5
g4 16. Nh2 Qg5 17. Qe2 Rg8 18. c4 bxc4 19. bxc4 Qxh5 20. Qd3 Qg6 21. Rab1 Ra7
22. Rb2 h5 23. cxd5 exd5 24. Rfb1 b5 25. Nb3 h4 26. Kg2 hxg3 27. fxg3 Nh4+ 28.
gxh4 Qxd3 29. Rd2 Qxb1 30. Nc5 Rxa2 31. Rxa2 Qxa2+ 32. Kg3 Nxc5 33. Kf4 Qb3 34.
Kf5 Ne6 35. Kf6 g3 36. h5 gxh2 37. h6 Qf3# 0-1